| 000 | 00557nab a2200157Ia 4500 | ||
|---|---|---|---|
| 003 | ES-SlBCS | ||
| 005 | 20220602105809.0 | ||
| 008 | 140529s2008 xxu||||| |||| 00| 0 spa d | ||
| 041 | _aspa | ||
| 100 | 1 |
_aArrimadas Gómez, Irene _9255152 |
|
| 245 | 0 | 0 |
_aConclusiones pedagógicas a la luz de los resultados de Pisa _c Irene Arrimadas Gómez, Alfredo Hernando Calvo |
| 650 | 0 | 4 |
_aConclusiones Pedagógicas-Pisa 2006 _9255153 |
| 700 | 1 |
_aHernando Calvo, Alfredo _9123930 |
|
| 773 | 0 |
_tEducadores _gvol. 50, nº. 226, 2008, págs. 187-206 _wRev370 |
|
| 942 | _cAR | ||
| 999 |
_c659443 _d659443 |
||